00615nam a22001817a 4500003000400000005001700004008004100021040000900062082002100071100002100092245003400113260002400147300000800171650009900179942000900278952012700287999001900414OSt20241010151646.0241010b |||||||| |||| 00| 0 eng d csbcl a894.8123b142505 aM Thomas Mathew  aMrithyunjayam Kavyajeevitham  aKochibSamoohc2023 a900 2Literature & rhetoricaLiteratures of other languagesvAltaic, Uralic, Hyperborean & Dravidian cBOOK 00102ddc4070aSBCLbSBCLc2d2024-10-10l0o894.8123 MAT-S V.3p142505r2024-10-10 00:00:00v14790.00w2024-10-10yBOOK c136316d136316